| 000 | 00463nam a2200169Ia 4500 | ||
|---|---|---|---|
| 003 | GCL | ||
| 008 | 140319s9999 xx 000 0 eng d | ||
| 040 |
_aGCL / _cGCL |
||
| 082 | 0 | 4 |
_a005.13 _bR E |
| 100 | 1 | _aROACH, ROY | |
| 245 | 1 | 0 |
_aEXCEL 5 FOR WINDOWS IN EASY STEPS / _cROACH, ROY |
| 260 |
_a[S.N] : _bAFFILIATED EAST - WEST PRESS PRIVATE LTD ، _c1995 |
||
| 300 | _a336 P | ||
| 650 | 0 | 4 | _aEXCEL WINDOWS |
| 650 | 0 | 4 | _aCOMPUTER - PROPGRAMME |
| 942 |
_2ddc _cBK |
||
| 999 |
_c13572 _d13572 |
||